Kiểm soát nhiễm khuẩn trong các cơ sở y tế
Bewaard in:
| Hoofdauteur: | |
|---|---|
| Formaat: | Boek |
| Taal: | Undetermined |
| Gepubliceerd in: |
Hà Nội
Hội Điều dưỡng Việt Nam
1996
|
| Onderwerpen: | |
| Tags: |
Voeg label toe
Geen labels, Wees de eerste die dit record labelt!
|
| Thư viện lưu trữ: | Trung tâm Học liệu Trường Đại học Cần Thơ |
|---|
| LEADER | 00580nam a2200181Ia 4500 | ||
|---|---|---|---|
| 001 | CTU_16902 | ||
| 008 | 210402s9999 xx 000 0 und d | ||
| 082 | |a 614.4 | ||
| 082 | |b K304 | ||
| 100 | |a OMS | ||
| 245 | 0 | |a Kiểm soát nhiễm khuẩn trong các cơ sở y tế | |
| 245 | 0 | |c OMS | |
| 260 | |a Hà Nội | ||
| 260 | |b Hội Điều dưỡng Việt Nam | ||
| 260 | |c 1996 | ||
| 650 | |a communicable diseases,epidemiology,health education | ||
| 904 | |i Nguyễn Quang Điền, 970611 | ||
| 980 | |a Trung tâm Học liệu Trường Đại học Cần Thơ | ||